[Event "AUTO-ADV-4821"]
[Site "http://www.queenalice.com/game.php?id=1845880"]
[Date "2024.10.21"]
[Round "1"]
[White "game"]
[Black "gitano"]
[Result "1-0"]
[WhiteElo "1531"]
[BlackElo "1707"]

1. e4 e5 2. Nf3 Qf6 3. d4 exd4 4. Nxd4 Bc5 5. c3 Nc6 6. Bc4 Nxd4 7. cxd4 Bxd4 8.
O-O d6 9. Nc3 c6 10. Be3 Be5 11. f4 Bxc3 12. bxc3 Qxc3 13. Bd3 Nf6 14. e5 dxe5
15. Re1 e4 16. Bf2 Bf5 17. Rc1 Qb2 18. Rc2 1-0

[Event "AUTO-ADV-4821"]
[Site "http://www.queenalice.com/game.php?id=1845881"]
[Date "2024.10.21"]
[Round "1"]
[White "gitano"]
[Black "Capixaba789"]
[Result "0-1"]
[WhiteElo "1598"]
[BlackElo "1881"]

1. e4 e5 2. Qf3 Nc6 3. c3 d6 4. Bc4 Nf6 5. h3 Be7 6. d3 Be6 7. Na3 a6 8. Ne2 b5
9. Bxe6 fxe6 10. Qg3 Qd7 11. Qxg7 O-O-O 12. Bg5 Nh5 13. Qh6 Bxg5 14. Qxg5 Qf7
15. g4 Nf4 16. Nxf4 exf4 17. f3 h5 18. gxh5 Rxh5 19. Qg2 Rg8 20. Qf1 e5 21. c4
Nd4 22. Rc1 Rg3 23. cxb5 Nxf3+ 24. Ke2 axb5 25. Nxb5 Nd4+ 26. Nxd4 exd4 27. Kd2
Qxa2 28. Rc2 f3 29. Rg1 Qa5+ 30. Kd1 Rhxh3 31. Rxg3 Rxg3 0-1

[Event "AUTO-ADV-4821"]
[Site "http://www.queenalice.com/game.php?id=1845882"]
[Date "2024.10.21"]
[Round "1"]
[White "Capixaba789"]
[Black "gitano"]
[Result "0-1"]
[WhiteElo "1853"]
[BlackElo "1571"]

1. d4 Nc6 2. d5 Ne5 3. e4 d6 4. f4 Ng6 5. Nf3 f6 6. Bd3 Bg4 7. O-O a6 8. Be3 e5
9. f5 Nf4 10. Bxf4 exf4 11. Qd2 g5 12. Nc3 c5 13. a3 Qb6 14. Kh1 Bxf3 15. Rxf3
Qxb2 16. Ra2 Qb6 17. Ra1 Nh6 18. Rb1 Qa5 19. a4 Rb8 20. Qe1 Ng4 21. Qe2 Qxc3 22.
Bb5+ axb5 23. Qxb5+ Kf7 24. Rxc3 Nf2+ 25. Kg1 Ng4 26. Qd7+ Be7 27. Rxb7 Rxb7 28.
Qc6 Rb1# 0-1

[Event "AUTO-INT-3897"]
[Site "http://www.queenalice.com/game.php?id=1846036"]
[Date "2024.10.23"]
[Round "1"]
[White "gitano"]
[Black "Ruusgugg"]
[Result "1-0"]
[WhiteElo "1627"]
[BlackElo "1286"]

1. e4 e5 2. Qf3 Nf6 3. Bc4 Bc5 4. d3 d6 5. h3 O-O 6. Qg3 Bd7 7. Nc3 Nh5 8. Qf3
Nf4 9. Bxf4 exf4 10. Qxf4 Nc6 11. Nge2 g5 12. Qg3 Nd4 13. Nxd4 Bxd4 14. O-O h5
15. Nd5 c6 16. Ne3 h4 17. Qxd6 Bxb2 18. Rab1 Bf6 19. Rxb7 Qa5 20. Rxd7 Rad8 21.
Ng4 Bg7 22. f4 Rxd7 23. Qxd7 c5 24. fxg5 Qd2 25. Bxf7+ Kh7 26. g6+ Kh8 27. Qd5
Qxc2 28. Qh5+ 1-0

[Event "AUTO-INT-3897"]
[Site "http://www.queenalice.com/game.php?id=1846038"]
[Date "2024.10.23"]
[Round "1"]
[White "gitano"]
[Black "wj64"]
[Result "1-0"]
[WhiteElo "1610"]
[BlackElo "1637"]

1. e4 c5 2. Qf3 e5 3. Bc4 Nf6 4. d3 d6 5. h3 h6 6. Nc3 Nc6 7. Be3 Be6 8. a3 a6
9. Nge2 Bxc4 10. dxc4 Na5 11. b3 b6 12. O-O g5 13. Rad1 Bg7 14. Ng3 h5 15. Bxg5
h4 16. Nf5 Rh7 17. Nxd6+ Kf8 18. Nf5 Qc7 19. Nxg7 Rxg7 20. Qxf6 Qc6 21. Rd6 Qc7
22. Nd5 Qb8 23. Bh6 Qxd6 24. Qxd6+ Kg8 25. Bxg7 Kxg7 26. Qf6+ Kf8 27. Rd1 Ra7
28. Nxb6 Ke8 29. Rd8# 1-0

[Event "AUTO-INT-3897"]
[Site "http://www.queenalice.com/game.php?id=1846039"]
[Date "2024.10.23"]
[Round "1"]
[White "wj64"]
[Black "gitano"]
[Result "0-1"]
[WhiteElo "1682"]
[BlackElo "1629"]

1. c4 e5 2. Qb3 Qf6 3. e4 Bc5 4. Qg3 d6 5. Nf3 h6 6. h3 Nc6 7. Be2 Nb4 8. Na3 a6
9. d3 Bd7 10. b3 b5 11. cxb5 axb5 12. Be3 Rxa3 13. Bc1 Nc2+ 14. Kf1 Nxa1 15.
Bxa3 Bxa3 16. Kg1 Nc2 17. Kh2 Ne7 18. h4 Nd4 19. Ng1 d5 20. f3 Bd6 21. Qf2 O-O
22. g4 Qf4+ 23. Kg2 Ra8 24. Bd1 Bc5 25. Ne2 Nxe2 26. Qxe2 Nc6 27. exd5 Nb4 28.
h5 Rxa2 29. Qxa2 Nxa2 30. Kf1 Qd2 31. Be2 Qe3 32. Rh2 Qg1# 0-1

[Event "AUTO-INT-3897"]
[Site "http://www.queenalice.com/game.php?id=1846040"]
[Date "2024.10.23"]
[Round "1"]
[White "gitano"]
[Black "JoseMessias"]
[Result "0-1"]
[WhiteElo "1643"]
[BlackElo "1616"]

1. e4 e5 2. Qf3 Nf6 3. Bc4 b6 4. d3 d6 5. h3 h6 6. Nc3 a6 7. Nd5 Nxd5 8. Bxd5 f6
9. Qh5+ Kd7 10. Bxa8 c6 11. Ne2 Kc7 12. Nc3 d5 13. exd5 cxd5 14. Nxd5+ Kd6 15.
Qf3 b5 16. Be3 Nc6 17. c3 Be6 18. Bxc6 Kxc6 19. Nb4+ Kd6 20. Qc6+ Ke7 21. Qb7+
Ke8 0-1

[Event "AUTO-INT-3897"]
[Site "http://www.queenalice.com/game.php?id=1846041"]
[Date "2024.10.23"]
[Round "1"]
[White "JoseMessias"]
[Black "gitano"]
[Result "1-0"]
[WhiteElo "1633"]
[BlackElo "1626"]

1. e4 e5 2. Nf3 Qf6 3. d3 Bc5 4. Bg5 Qb6 5. Bh4 Qxb2 6. Nbd2 d6 7. a4 Bb4 8. Rb1
Qa3 9. Ra1 Qc3 10. Be2 Nf6 11. O-O h6 12. Bxf6 gxf6 13. Nh4 Rg8 14. Nf5 Bxf5 15.
exf5 Qc6 16. Bf3 Qc5 17. Bxb7 c6 18. Bxa8 1-0

[Event "AUTO-INT-3905"]
[Site "http://www.queenalice.com/game.php?id=1848880"]
[Date "2024.12.17"]
[Round "1"]
[White "nicholasmorassutti"]
[Black "gitano"]
[Result "1-0"]
[WhiteElo "1591"]
[BlackElo "1653"]

1. e4 e5 2. Nc3 c6 3. Nf3 Qf6 4. Bc4 Bc5 5. a3 d6 6. b4 Bd4 7. O-O Qg6 8. Ne2
Bxa1 9. Ng3 Ne7 10. d3 Bg4 11. Be3 Bb2 12. Qb1 Bd4 13. Nd2 O-O 14. Ba2 d5 15.
Nb3 b6 16. Bxd4 exd4 17. Nxd4 Nd7 18. exd5 cxd5 19. b5 Nf6 20. Nc6 1-0

[Event "AUTO-INT-3905"]
[Site "http://www.queenalice.com/game.php?id=1848881"]
[Date "2024.12.17"]
[Round "1"]
[White "gitano"]
[Black "nicholasmorassutti"]
[Result "0-1"]
[WhiteElo "1673"]
[BlackElo "1571"]

1. e4 e5 2. Qf3 f6 3. Bc4 Ne7 4. d3 c6 5. Bg5 b5 6. Bb3 Ng6 7. g3 Bc5 8. a3 d5
9. exd5 Bb7 10. Bh4 cxd5 11. Nc3 Bd4 12. Nd1 O-O 13. c3 Bb6 14. Ne3 Bxe3 15.
fxe3 e4 16. dxe4 Ne7 17. Nh3 Kh8 18. exd5 Bxd5 0-1

[Event "AUTO-INT-3905"]
[Site "http://www.queenalice.com/game.php?id=1848896"]
[Date "2024.12.17"]
[Round "1"]
[White "StepPhil"]
[Black "gitano"]
[Result "1-0"]
[WhiteElo "1743"]
[BlackElo "1593"]

1. e4 e5 2. Bc4 Qf6 3. Qf3 Bc5 4. Qxf6 Nxf6 5. d3 d6 6. h3 h6 7. Nc3 c6 8. Be3
Na6 9. Bxc5 Nxc5 10. a3 O-O 11. g4 b5 12. Ba2 Rb8 13. b4 Ne6 14. Nge2 Ng5 15.
Ng1 c5 16. O-O-O cxb4 17. axb4 Bd7 18. h4 Ne6 19. f3 g5 20. hxg5 Nxg5 21. Rxh6
Ngh7 22. Nd5 Kg7 23. Rh2 Nxd5 24. Bxd5 Be6 25. Bxe6 fxe6 26. Rf1 Rbc8 27. Nh3
Rc3 28. Kb2 1-0

[Event "AUTO-INT-3905"]
[Site "http://www.queenalice.com/game.php?id=1848897"]
[Date "2024.12.17"]
[Round "1"]
[White "gitano"]
[Black "StepPhil"]
[Result "0-1"]
[WhiteElo "1576"]
[BlackElo "1765"]

1. e4 e5 2. Qf3 Nf6 3. Bc4 d6 4. d3 h6 5. Nc3 c6 6. h3 b5 7. Bb3 a5 8. a3 a4 9.
Ba2 Qc7 10. Nge2 Bd7 11. Ng3 Be6 12. O-O Nbd7 13. Be3 Qb7 14. Bxe6 fxe6 15. Nh5
O-O-O 16. Rad1 Rg8 17. b4 Be7 18. Nxf6 Bxf6 19. Qg4 Rde8 20. Ne2 g5 21. Ng3 Bh8
22. Qh5 Bg7 23. Rc1 Nf8 24. Qxe8+ Kc7 25. Qf7+ Kc8 26. Qxg8 Qe7 27. c4 bxc4 28.
Rxc4 Kd7 0-1

[Event "AUTO-INT-3905"]
[Site "http://www.queenalice.com/game.php?id=1848908"]
[Date "2024.12.17"]
[Round "1"]
[White "gitano"]
[Black "game"]
[Result "1-0"]
[WhiteElo "1654"]
[BlackElo "1421"]

1. e4 c5 2. Qf3 Nf6 3. Bc4 d6 4. d3 Na6 5. a3 Bg4 6. Qg3 Be6 7. h3 Bxc4 8. dxc4
Nxe4 9. Qf3 Nf6 10. Qxb7 Nc7 11. Bd2 e5 12. Ba5 Rc8 13. Qxa7 d5 14. Nc3 d4 15.
Nb5 Ke7 16. Bxc7 Qe8 17. Nd6 Qd7 18. Nxc8+ Qxc8 19. Bxe5+ Nd7 20. Nf3 Kd8 21.
O-O h5 22. Rfe1 Rh6 23. Qa5+ Ke8 24. Bxg7+ 1-0

[Event "AUTO-INT-3905"]
[Site "http://www.queenalice.com/game.php?id=1848909"]
[Date "2024.12.17"]
[Round "1"]
[White "game"]
[Black "gitano"]
[Result "0-1"]
[WhiteElo "1433"]
[BlackElo "1647"]

1. e4 e5 2. Nf3 Qf6 3. d4 exd4 4. Bc4 Bc5 5. O-O d6 6. Ng5 Nh6 7. h4 Nc6 8. f4
Nb4 9. Bd2 d3+ 10. Kh1 Nxc2 11. Bb5+ c6 12. Bc3 Bd4 13. Bxd4 Qxd4 14. Bxd3 Ne3
15. Qe2 Nxf1 16. Qxf1 Qxb2 17. Nd2 Qxd2 18. f5 Ng4 19. e5 Ne3 20. Qb1 Qxg2# 0-1